Training in inter personal skills: (Record no. 195432)

MARC details
000 -LEADER
fixed length control field 00803nam a2200241Ia 4500
003 - CONTROL NUMBER IDENTIFIER
control field OSt
005 - DATE AND TIME OF LATEST TRANSACTION
control field 20260225120811.0
008 - FIXED-LENGTH DATA ELEMENTS--GENERAL INFORMATION
fixed length control field 210716s2015 xx 000 0 und d
020 ## - INTERNATIONAL STANDARD BOOK NUMBER
International Standard Book Number 9789332549845
040 ## - CATALOGING SOURCE
Transcribing agency AIMIT LIBRARY
041 ## - LANGUAGE CODE
Language code of text/sound track or separate title eng
082 ## - DEWEY DECIMAL CLASSIFICATION NUMBER
Classification number 658.3124
Edition number 6
Item number ROBS
100 ## - MAIN ENTRY--PERSONAL NAME
Personal name Robbins,Stephen.
9 (RLIN) 252384
245 ## - TITLE STATEMENT
Title Training in inter personal skills:
Remainder of title tips for managing people at work /
Statement of responsibility, etc. By Stephen Robbins ; Phillip L Hunsaker.
250 ## - EDITION STATEMENT
Edition statement 6th ed.
260 ## - PUBLICATION, DISTRIBUTION, ETC.
Place of publication, distribution, etc. New Delhi :
Name of publisher, distributor, etc. Pearson Education ,
Date of publication, distribution, etc. 2015.
300 ## - PHYSICAL DESCRIPTION
Extent 376p. ;
Other physical details PB
Dimensions 23cm.
650 ## - SUBJECT ADDED ENTRY--TOPICAL TERM
Topical term or geographic name entry element Applying emotional intelligence
9 (RLIN) 252385
650 ## - SUBJECT ADDED ENTRY--TOPICAL TERM
Topical term or geographic name entry element Communicating across culture
9 (RLIN) 252386
650 ## - SUBJECT ADDED ENTRY--TOPICAL TERM
Topical term or geographic name entry element Setting goals for others
9 (RLIN) 256710
700 ## - ADDED ENTRY--PERSONAL NAME
Personal name Hunsaker, Phillip L.
9 (RLIN) 252387
942 ## - ADDED ENTRY ELEMENTS (KOHA)
Source of classification or shelving scheme Dewey Decimal Classification
Koha item type Book
Edition 6th
Call number prefix 658.3124 ROBS
Holdings
Withdrawn status Lost status Source of classification or shelving scheme Damaged status Not for loan Collection code Home library Current library Source of acquisition Cost, normal purchase price Inventory number Total Checkouts Full call number Barcode Date last seen Date last checked out Cost, replacement price Price effective from Koha item type
    Dewey Decimal Classification     MCA St Aloysius Institute of Management & Information Technology St Aloysius Institute of Management & Information Technology Knowledge World 429.00 Bill no:281;Billdt:2016-10-07 1 658.3124 ROBS MCA14941 07/21/2025 08/20/2022 321.75 07/16/2021 Book